header

Precalculus With Limits A Graphing Approach (Record no. 257762)

MARC details
000 -LEADER
fixed length control field 00379nam a22001577a 4500
003 - CONTROL NUMBER IDENTIFIER
control field OSt
005 - DATE AND TIME OF LATEST TRANSACTION
control field 20190919130851.0
008 - FIXED-LENGTH DATA ELEMENTS--GENERAL INFORMATION
fixed length control field 190919b xxu||||| |||| 00| 0 eng d
020 ## - INTERNATIONAL STANDARD BOOK NUMBER
International Standard Book Number QA331.3.L375
040 ## - CATALOGING SOURCE
Transcribing agency N/A
100 ## - MAIN ENTRY--PERSONAL NAME
Personal name Ron Larson
245 ## - TITLE STATEMENT
Title Precalculus With Limits A Graphing Approach
250 ## - EDITION STATEMENT
Edition statement 3 ed
260 ## - PUBLICATION, DISTRIBUTION, ETC. (IMPRINT)
Place of publication, distribution, etc USA
Name of publisher, distributor, etc Houhon Mafflin
Date of publication, distribution, etc 2001
942 ## - ADDED ENTRY ELEMENTS (KOHA)
Source of classification or shelving scheme Library of Congress Classification
Koha item type Long Loan Books
Holdings
Withdrawn status Lost status Source of classification or shelving scheme Damaged status Not for loan Home library Current library Shelving location Date acquired Total Checkouts Full call number Barcode Date last seen Price effective from Koha item type
    Library of Congress Classification     Rongo University Library Rongo University Library General Stacks 19/09/2019   QA331.3.L375 200901740 19/09/2019 19/09/2019 Long Loan Books

© 2026 Rongo University
Contact us: librarian | system librarian | Rongo university